Online Catalogue and eLibrary

Femininity in dissent / (Record no. 545)

MARC details
000 -LEADER
fixed length control field 00601cam a2200229 a 4500
001 - CONTROL NUMBER
control field 1511272
005 - DATE AND TIME OF LATEST TRANSACTION
control field 20240306024508.0
008 - FIXED-LENGTH DATA ELEMENTS--GENERAL INFORMATION
fixed length control field 891201s1990 enk b 001 0 eng
020 ## - INTERNATIONAL STANDARD BOOK NUMBER
ISBN 0415047889
020 ## - INTERNATIONAL STANDARD BOOK NUMBER
ISBN 0415047897 (pbk.)
040 ## - CATALOGING SOURCE (பட்டியலாக்க மூலம்)
Original cataloging agency DLC
Transcribing agency DLC
Modifying agency DLC
082 00 - DDC Classification
Class No. 323.334
DDC Edition Number 20
Item Number - Author Mark FEM.
100 1# - MAIN ENTRY--PERSONAL NAME
Personal name Young, Alison,
245 10 - TITLE STATEMENT
Title Femininity in dissent /
Statement of responsibility, etc. Alison Young.
260 ## - PUBLICATION, DISTRIBUTION, ETC.
Place of publication, distribution, etc. London ;
-- New York :
Name of publisher, distributor, etc. Routledge,
Date of publication, distribution, etc. 1990.
300 ## - PHYSICAL DESCRIPTION
Extent (e.g. Volumes, Pages etc.) ix, 190 p. ;
650 #0 - SUBJECT ADDED ENTRY--TOPICAL TERM
Topical term or geographic name entry element Women
650 #0 - SUBJECT ADDED ENTRY--TOPICAL TERM
Topical term or geographic name entry element Antinuclear movement
650 #0 - SUBJECT ADDED ENTRY--TOPICAL TERM
Topical term or geographic name entry element Women and peace.
650 #0 - SUBJECT ADDED ENTRY--TOPICAL TERM
Topical term or geographic name entry element Government, Resistance to
942 ## - Koha item type (Biblio)
Koha item type Books in Stacks (Lending)
Holdings
Lost status Damaged status Collection code Home library Current library Date acquired Full call number Accession Number Item type
    Lending WERC Library WERC Library 03/06/2024 323.334 FEM. 2055 Books in Stacks (Lending)

© WERC Library